000 00830cam a2200289 4500500
005 20260329001305.0
041 _afre
042 _adc
100 1 0 _aAgacinski, Sylviane
_eauthor
700 1 0 _aIacub, Marcela
_eauthor
700 1 0 _aTruong, Nicolas
_eauthor
245 0 0 _aSylviane Agacinski et Marcela Iacub. Après le règne du mâle
260 _c2006.
500 _a82
690 _aAgacinski
690 _aCorps
690 _aDiscrimination
690 _aDomination
690 _aÉgalité
690 _aFemme
690 _aHomme
690 _aIacub
690 _aMère porteuse
690 _aPropriété
786 0 _nPhilosophie magazine | 1 | 4-5 | 2006-05-01 | p. 5-6 | 1951-1787
856 4 1 _uhttps://shs.cairn.info/magazine-philosophie-magazine-2006-4-5-page-5?lang=fr&redirect-ssocas=7080
999 _c1803935
_d1803935